000 00385nam a2200157Ia 4500
008 230524s9999 xx 000 0 und d
082 _a537
_bPRA
100 _aD.V.Prasad
245 0 _a"Electromagnetic Fields ,Waves & Antennas"
250 _a2ND
260 _aNEW DELHI
_bKhanna
_c2002
300 _aVII;884
500 _aQuantity Number: 2
650 _aElectrical
942 _cBK
999 _c37518
_d37518